Tattoo my Body with Fine Art Quiz Stats

Quiz Updated Oct 27, 2015

Challenge
Share
Tweet
Score 0/22 Timer 08:00
6 Plays Today
% Correct
Leonardo da Vinci
95.6%
Andy Warhol
89.5%
Pablo Picasso
85.1%
Vincent Van Gogh
84.1%
Michelangelo
76.8%
Claude Monet
72.6%
Edvard Munch
66.4%
Frida Kahlo
62.6%
Auguste Rodin
59.8%
Salvador Dalí
53.8%
Edgar Degas
49.5%
% Correct
M.C. Escher
49%
Gustav Klimt
44.8%
Sandro Botticelli
39.8%
Jackson Pollock
39%
Banksy
37.6%
Piet Mondrian
34.5%
Roy Lichtenstein
31.1%
René Magritte
27.2%
Georgia O'Keeffe
21%
Marcel Duchamp
19.1%
Caravaggio
10.8%

You're not logged in!

Compare scores with friends on all Sporcle quizzes.
Sign Up with Email
OR
Log In

You Might Also Like...

Show Comments

Extras

Top Quizzes Today


Score Distribution

Your Account Isn't Verified!

In order to create a playlist on Sporcle, you need to verify the email address you used during registration. Go to your Sporcle Settings to finish the process.